Statistics for Fallout 3 Perks

Click here to take the quiz!

General Stats

  • This quiz has been taken 8 times
  • The average score is 17 of 87

Answer Stats

Answer % Correct
Daddy's Boy/Girl
100%
Commando
75%
Ant Might
75%
Ant Sight
75%
Barkskin
50%
Sniper
50%
Cyborg
50%
Nerd Rage!
50%
Mysterious Stranger
50%
Size Matters
50%
Party Boy/Girl
50%
Gunslinger
50%
Almost Perfect
50%
Scoundrel
50%
Intense Training
50%
Lady Killer/ Black Widow
50%
Thief
50%
Ninja
25%
Contract Killer
25%
Covert Ops
25%
Superior Defender
25%
Gun Nut
25%
Tag!
25%
Infiltrator
25%
Solar Powered
25%
Dream Crusher
25%
Puppies!
25%
Quantum Chemist
25%
Warmonger
25%
Punga Power
25%
Ghoul Ecology
25%
Robotics Expert
25%
Pitt Fighter
25%
Booster Shot
25%
Silent Running
25%
Xenotech Expert
25%
Iron Fist
25%
Life Giver
25%
Swift Learner
25%
Child at Heart
25%
Comprehension
25%
Night Person
25%
Rad Resistance
25%
Entomologist
25%
Strong Back
25%
Animal Friend
25%
Bloody Mess
25%
Nuclear Anonmaly
0%
Impartial Mediation
0%
Toughness
0%
Rad Absorption
0%
Lead Belly
0%
Pyromaniac
0%
Fortune Finder
0%
Demolition Expert
0%
Nerves of Steel
0%
Hematophage
0%
Rad Regeneration
0%
Wired Reflexes
0%
Auto Expert
0%
Educated
0%
Little Leaguer
0%
Rad Tolerance
0%
Devil's Highway
0%
No Weaknesses
0%
Chem Resistant
0%
Fast Metabolism
0%
Adamantium Skeleton
0%
Chemist
0%
Cannibal
0%
Mister Sandman
0%
Light Step
0%
Master Trader
0%
Action Boy/Girl
0%
Better Criticals
0%
Here and Now
0%
Karmic Rebalance
0%
Computer Whiz
0%
Concentrated Fire
0%
Finesse
0%
Paralyzing Palm
0%
Explorer
0%
Grim Reape's Sprint
0%
Deep Sleep
0%
Scrounger
0%
Escalator to Heaven
0%
Lawbringer
0%

Score Distribution

Percentile by Number Answered

Percent of People with Each Score

Your Score History

You have not taken this quiz